[Event "Goldener Springer 2020"]
[Site "Frankfurt-Griesheim"]
[Date "2020.??.??"]
[Round "1"]
[White "Poetsch, Hagen"]
[Black "Kuban, Guenther"]
[Result "1-0"]
[WhiteElo "2524"]
[BlackElo "2105"]
[PlyCount "61"]
[EventDate "2020.??.??"]
[WhiteTeam "SC Heusenstamm"]
[BlackTeam "SV Oberursel"]

1. e4 c5 2. Nf3 Nc6 3. Nc3 g6 4. d4 cxd4 5. Nxd4 Bg7 6. Be3 Nf6 7. Bc4 O-O 8.
Bb3 d6 9. f3 Na5 10. Qd2 Nxb3 11. axb3 Bd7 12. Bh6 Qb6 13. Bxg7 Kxg7 14. g4
Rfc8 15. Nde2 Rc5 16. g5 Ne8 17. Nd5 Rxd5 18. exd5 e5 19. dxe6 fxe6 20. f4 a6
21. O-O-O Kf7 22. h4 Rc8 23. h5 Bc6 24. hxg6+ hxg6 25. Rh7+ Kg8 26. Rh6 Be4 27.
Nc3 Qa5 28. Qd4 Qa1+ 29. Kd2 Qxb2 30. Qh8+ Kf7 31. Rh7+ 1-0

[Event "Goldener Springer 2020"]
[Site "Frankfurt-Griesheim"]
[Date "2020.??.??"]
[Round "1"]
[White "Gries, Volker"]
[Black "Eckert, Michael"]
[Result "1-0"]
[WhiteElo "2079"]
[BlackElo "1557"]
[PlyCount "25"]
[EventDate "2020.??.??"]
[WhiteTeam "SV Oberursel"]
[BlackTeam "SK Herborn"]

1. e4 e5 2. Nf3 Nc6 3. d4 exd4 4. Nxd4 Bc5 5. Nxc6 bxc6 6. Bd3 Nf6 7. O-O O-O
8. Nc3 h6 9. e5 Nd5 10. Nxd5 cxd5 11. Qh5 f6 12. exf6 Qxf6 13. Qxd5+ 1-0

[Event "Goldener Springer 2020"]
[Site "Frankfurt-Griesheim"]
[Date "2020.??.??"]
[Round "1"]
[White "Emig, Nils"]
[Black "Krychevskiy, Dmytro"]
[Result "1/2-1/2"]
[WhiteElo "1823"]
[BlackElo "1904"]
[PlyCount "49"]
[EventDate "2020.??.??"]
[WhiteTeam "SK Marburg"]
[BlackTeam "SV Oberursel"]

1. e4 e6 2. d4 d5 3. exd5 exd5 4. Bd3 Nf6 5. Bg5 Be7 6. h3 O-O 7. Nf3 Bb4+ 8.
c3 Re8+ 9. Be3 Bd6 10. O-O Nbd7 11. Nbd2 Nf8 12. Qc2 c6 13. Bg5 Ng6 14. Rfe1
Bd7 15. Rxe8+ Bxe8 16. Re1 Bd7 17. Ne5 Be8 18. Ndf3 h6 19. Bc1 Nf8 20. Qd1 Qc7
21. Bb1 N6d7 22. Re3 f6 23. Nxd7 Bxd7 24. Nh4 Bh2+ 25. Kh1 1/2-1/2

[Event "Goldener Springer 2020"]
[Site "Frankfurt-Griesheim"]
[Date "2020.??.??"]
[Round "1"]
[White "Meyer, Marcel"]
[Black "Reitz, Gerhard"]
[Result "1/2-1/2"]
[WhiteElo "1729"]
[BlackElo "1990"]
[PlyCount "60"]
[EventDate "2020.??.??"]
[WhiteTeam "SC Herborn"]
[BlackTeam "SC Obertshausen"]

1. d4 Nf6 2. c4 c5 3. d5 d6 4. Nc3 g6 5. e4 Bg7 6. h3 O-O 7. Nf3 Na6 8. Bd3 Nc7
9. O-O a6 10. a4 b6 11. Re1 Bd7 12. Bf4 Rb8 13. e5 Nfe8 14. Qd2 dxe5 15. Nxe5
Nd6 16. Nxd7 Qxd7 17. Bh6 Rfe8 18. Bxg7 Kxg7 19. Qe3 e5 20. f4 e4 21. Bf1 Re7
22. g4 f5 23. g5 Nce8 24. b3 a5 25. Ra2 Nc7 26. Rh2 Rh8 27. h4 h5 28. Rd2 Na6
29. Kh1 Rhe8 30. Na2 Kh7 1/2-1/2

[Event "Goldener Springer 2020"]
[Site "Frankfurt-Griesheim"]
[Date "2020.??.??"]
[Round "1"]
[White "Weiland, Thomas"]
[Black "Hebauf, Markus"]
[Result "1-0"]
[WhiteElo "1790"]
[BlackElo "1524"]
[PlyCount "55"]
[EventDate "2020.??.??"]
[WhiteTeam "SV Oberursel"]
[BlackTeam "Sfr. Kelkheim"]

1. c4 e5 2. g3 Nf6 3. Nc3 c6 4. Bg2 Bb4 5. Qb3 Bxc3 6. bxc3 O-O 7. Ba3 Re8 8.
Bd6 Re6 9. c5 Ne8 10. Bh3 Rh6 11. Bxe5 Qe7 12. Bd4 Na6 13. Be3 Nxc5 14. Qc2 Rh5
15. Bg4 Re5 16. d4 Rxe3 17. fxe3 Ne4 18. Nf3 N8f6 19. Bf5 d5 20. Bxc8 Rxc8 21.
a4 Ng4 22. Qc1 Qd6 23. Rb1 Rc7 24. Rb3 Re7 25. c4 dxc4 26. Qxc4 Nxg3 27. Rg1
Nxe2 28. Rxg4 1-0

[Event "Goldener Springer 2020"]
[Site "Frankfurt-Griesheim"]
[Date "2020.??.??"]
[Round "1"]
[White "Oezdemir, Ali Oezden"]
[Black "Schellen, Sven"]
[Result "1/2-1/2"]
[WhiteElo "2016"]
[BlackElo "1826"]
[PlyCount "119"]
[EventDate "2020.??.??"]
[WhiteTeam "SK Langen"]
[BlackTeam "SV Frankfurt Nord"]

1. e4 Nf6 2. Nc3 d5 3. e5 d4 4. exf6 dxc3 5. fxg7 cxd2+ 6. Bxd2 Bxg7 7. Qh5 Qd4
8. c3 Qe5+ 9. Qxe5 Bxe5 10. Nf3 Bf6 11. Bd3 Nc6 12. O-O Bg4 13. Be4 O-O-O 14.
Be3 Bxf3 15. Bxf3 Ne5 16. Be2 a6 17. Bd4 c5 18. Be3 c4 19. Bd4 b5 20. a4 b4 21.
Bxe5 Bxe5 22. Bxc4 bxc3 23. Bxa6+ Kc7 24. bxc3 Bxc3 25. Rac1 Kb6 26. Rxc3 Kxa6
27. Rc7 Rhe8 28. g3 Kb6 29. Rc4 Rd5 30. Rf4 f6 31. Re1 Ka5 32. Re6 Rd6 33.
Rfxf6 Rxe6 34. Rxe6 Kxa4 35. f4 Kb4 36. f5 Rf8 37. Rxe7 h5 38. Re5 Kc3 39. Kg2
Kd4 40. Rb5 Ke4 41. Rb4+ Ke5 42. h3 Ra8 43. Rf4 Kf6 44. Rf2 Ra4 45. Rf4 Ra2+
46. Rf2 Ra4 47. Rf3 Ra2+ 48. Kf1 Rb2 49. g4 hxg4 50. hxg4 Ra2 51. Rf2 Ra4 52.
Rg2 Kg5 53. Ke2 Ra3 54. Kf2 Rb3 55. Rg3 Rb2+ 56. Kf3 Rb3+ 57. Kg2 Rb4 58. Kh3
Re4 59. Kg2 Ra4 60. Kh2 1/2-1/2

[Event "Goldener Springer 2020"]
[Site "Frankfurt-Griesheim"]
[Date "2020.??.??"]
[Round "1"]
[White "Klundt, Klaus"]
[Black "Prior, Benjamin"]
[Result "1-0"]
[WhiteElo "2293"]
[BlackElo "1831"]
[PlyCount "65"]
[EventDate "2020.??.??"]
[WhiteTeam "SC Heusenstamm"]
[BlackTeam "SF Anderssen Wetzlar"]

1. e4 e5 2. Nf3 Nc6 3. Bb5 a6 4. Ba4 Nf6 5. O-O Be7 6. Re1 b5 7. Bb3 O-O 8. d4
d6 9. c3 Bb7 10. Nbd2 Qd7 11. Nf1 Rfe8 12. Ng3 g6 13. Ng5 Nd8 14. f4 exf4 15.
Bxf4 Bf8 16. Qd3 h6 17. Nf3 Ne6 18. Bd2 Bg7 19. e5 Nd5 20. Rad1 Nef4 21. Bxf4
Nxf4 22. Qf1 Qg4 23. Re3 dxe5 24. Rde1 e4 25. Nd2 Bd5 26. Ndxe4 Be6 27. Nc5 g5
28. Nxe6 fxe6 29. Bd1 Qh4 30. Nf5 exf5 31. Rxe8+ Rxe8 32. Rxe8+ Kf7 33. Re1 1-0

[Event "Goldener Springer 2020"]
[Site "Frankfurt-Griesheim"]
[Date "2020.??.??"]
[Round "1"]
[White "Degenhardt, Andreas"]
[Black "Zilch, Lothar"]
[Result "0-1"]
[WhiteElo "1811"]
[BlackElo "1871"]
[PlyCount "96"]
[EventDate "2020.??.??"]
[WhiteTeam "SC Lorsch"]
[BlackTeam "SV Alsfeld"]

1. d4 Nf6 2. Nf3 d5 3. c4 e6 4. Qc2 c6 5. Nbd2 Be7 6. e4 dxe4 7. Nxe4 Nxe4 8.
Qxe4 Nd7 9. Bd3 Nf6 10. Qe2 O-O 11. O-O b6 12. Bf4 Bb7 13. Rfd1 Rc8 14. h3 g6
15. a4 Nh5 16. Be3 a5 17. c5 Nf6 18. cxb6 Nd5 19. Bh6 Re8 20. Ba6 Bxa6 21. Qxa6
Qxb6 22. Qxb6 Nxb6 23. Rdc1 Nd5 24. Bd2 Bb4 25. Bxb4 Nxb4 26. Ra3 Red8 27. Rc5
Rd5 28. Rac3 Rcd8 29. b3 Rxc5 30. Rxc5 Rd5 31. Ne5 Rxc5 32. dxc5 Kf8 33. Kf1
Ke8 34. Ke2 f6 35. Nc4 Na6 36. Nxa5 Nxc5 37. b4 Nxa4 38. Nxc6 Kd7 39. Na5 Kc7
40. f4 Nc3+ 41. Kd3 Nd5 42. Kc4 Nxf4 43. Kb5 e5 44. Ka6 e4 45. b5 Nd5 46. Nc4
e3 47. b6+ Kb8 48. Na5 Nxb6 0-1

[Event "Goldener Springer 2020"]
[Site "Frankfurt-Griesheim"]
[Date "2020.??.??"]
[Round "1"]
[White "Westhof, Benedikt"]
[Black "Calvi, Stefan"]
[Result "1/2-1/2"]
[WhiteElo "1795"]
[BlackElo "2072"]
[PlyCount "59"]
[EventDate "2020.??.??"]
[WhiteTeam "SC Heusenstamm"]
[BlackTeam "SF Frankfurt"]

1. d4 Nf6 2. c4 e6 3. Nc3 c5 4. d5 exd5 5. cxd5 d6 6. Bg5 g6 7. e4 Bg7 8. Nf3
O-O 9. Bd3 a6 10. a4 Bg4 11. h3 Bxf3 12. Qxf3 Nbd7 13. Bf4 Re8 14. O-O Qe7 15.
Qd1 Rac8 16. Qb3 c4 17. Bxc4 Nc5 18. Qb4 Ncxe4 19. Ba2 Nxc3 20. bxc3 Ne4 21.
Qb6 Bxc3 22. Rab1 Qf6 23. Be3 Re7 24. Rfc1 Rce8 25. Rb3 Bd2 26. Bd4 Qh4 27. Rc7
Rxc7 28. Qxc7 Be1 29. Rf3 Qe7 30. Qc1 1/2-1/2

[Event "Goldener Springer 2020"]
[Site "Frankfurt-Griesheim"]
[Date "2020.??.??"]
[Round "1"]
[White "Iliev, Mustafa Batuhan"]
[Black "Bluebaum, Johanna"]
[Result "1-0"]
[WhiteElo "2049"]
[BlackElo "1979"]
[PlyCount "59"]
[EventDate "2020.??.??"]
[WhiteTeam "SV Grossauheim"]
[BlackTeam "SK Marburg"]

1. e4 e6 2. d4 d5 3. Nd2 c5 4. exd5 Qxd5 5. Ngf3 cxd4 6. Bc4 Qd7 7. O-O Nc6 8.
Nb3 a6 9. a4 Bd6 10. Nbxd4 Nf6 11. Re1 Nxd4 12. Qxd4 O-O 13. Bd3 Be7 14. Qh4 g6
15. Bg5 Nd5 16. Rad1 f6 17. Bh6 Rd8 18. c4 f5 19. Qg3 Qxa4 20. cxd5 Rxd5 21.
Bc2 Qc4 22. Rxd5 Qxd5 23. Ng5 Qd2 24. Qe5 Bf6 25. Qe2 Qf4 26. g3 Qd6 27. Bb3
Bxg5 28. Bxg5 Kf7 29. Rd1 Qb6 30. Qe5 1-0

[Event "Goldener Springer 2020"]
[Site "Frankfurt-Griesheim"]
[Date "2020.??.??"]
[Round "1"]
[White "Schulze, Manfred"]
[Black "Rondonuwu, Grover"]
[Result "0-1"]
[WhiteElo "1984"]
[BlackElo "2053"]
[PlyCount "80"]
[EventDate "2020.??.??"]
[WhiteTeam "SC Steinbach"]
[BlackTeam "Frankfurter TV"]

1. e4 c5 2. Nf3 g6 3. d4 cxd4 4. Qxd4 Nf6 5. Bc4 Nc6 6. Qd3 Bg7 7. Nc3 O-O 8.
O-O a6 9. a3 d6 10. h3 Nd7 11. Ba2 b5 12. Bf4 Bb7 13. Rfe1 Nde5 14. Qe2 e6 15.
Rad1 Qe7 16. Bg3 Rac8 17. Nxe5 Nxe5 18. f4 Nc4 19. Bxc4 Rxc4 20. Qd3 Rfc8 21.
Re3 Bxc3 22. bxc3 Rxc3 23. Qxc3 Rxc3 24. Rxc3 Bxe4 25. Bf2 e5 26. fxe5 dxe5 27.
Rc8+ Kg7 28. Bc5 Qb7 29. Rcd8 Bf5 30. g4 Be6 31. Bf8+ Kf6 32. Bh6 Qb6+ 33. Kg2
Qc6+ 34. Kg3 g5 35. Rg8 Qc3+ 36. Kf2 Qxc2+ 37. Ke3 Qc5+ 38. Kd2 Qd4+ 39. Ke1
Qe3+ 40. Kf1 Qxh3+ 0-1

[Event "Goldener Springer 2020"]
[Site "Frankfurt-Griesheim"]
[Date "2020.??.??"]
[Round "1"]
[White "Rutsatz, Mario"]
[Black "Mamerow, Marvin Stephan"]
[Result "0-1"]
[WhiteElo "1969"]
[BlackElo "1938"]
[PlyCount "70"]
[EventDate "2020.??.??"]
[WhiteTeam "SF Frankfurt"]
[BlackTeam "SC Matt im Park Frankfurt"]

1. d4 Nf6 2. Nf3 d5 3. c4 e6 4. cxd5 exd5 5. Nc3 Bd6 6. Bg5 c6 7. e3 Bf5 8. Qb3
Qb6 9. Bxf6 gxf6 10. Qxb6 axb6 11. Nh4 Be6 12. Bd3 Bb4 13. O-O Bxc3 14. bxc3
Ra3 15. Rfc1 b5 16. e4 dxe4 17. Bxe4 Nd7 18. Rc2 Nb6 19. Re1 O-O 20. Bf5 Bxa2
21. Re7 Bd5 22. f3 Na4 23. Rxb7 Rxc3 24. Rxc3 Nxc3 25. Kf2 c5 26. Rb6 cxd4 27.
Bd3 Bc4 28. Bxc4 bxc4 29. Nf5 Rd8 30. Ke1 d3 31. Rd6 Re8+ 32. Kd2 Nb1+ 33. Kd1
h5 34. Rd4 d2 35. Re4 Nc3+ 0-1

[Event "Goldener Springer 2020"]
[Site "Frankfurt-Griesheim"]
[Date "2020.??.??"]
[Round "1"]
[White "Weber, Samuel"]
[Black "Koepke, Carolina"]
[Result "1-0"]
[WhiteElo "2230"]
[BlackElo "1451"]
[PlyCount "63"]
[EventDate "2020.??.??"]
[WhiteTeam "SV Oberursel"]
[BlackTeam "SV Oberursel"]

1. c4 c5 2. g3 Nc6 3. Bg2 g6 4. Nc3 Bg7 5. d3 b6 6. Qd2 Bb7 7. b3 e6 8. Bb2 d6
9. e4 Nge7 10. Nge2 O-O 11. O-O Nd4 12. Nxd4 Bxd4 13. Ne2 Bxb2 14. Qxb2 Nc6 15.
d4 Qe7 16. f4 Rad8 17. d5 exd5 18. cxd5 Nb8 19. Rad1 Nd7 20. Rfe1 Rfe8 21. e5
Ba8 22. exd6 Qxd6 23. Nc3 a6 24. Ne4 Qe7 25. Qc3 f5 26. d6 Qg7 27. Qxg7+ Kxg7
28. Ng5 Rxe1+ 29. Rxe1 Nf8 30. Re7+ Kg8 31. Nf7 Rd7 32. Bxa8 1-0

[Event "Goldener Springer 2020"]
[Site "Frankfurt-Griesheim"]
[Date "2020.??.??"]
[Round "1"]
[White "Sergin, Mark"]
[Black "Dreis, Volker"]
[Result "1-0"]
[WhiteElo "2207"]
[BlackElo "1926"]
[PlyCount "67"]
[EventDate "2020.??.??"]
[WhiteTeam "SF Neuberg"]
[BlackTeam "SV Frankfurt Nord"]

1. e4 c5 2. Nc3 Nc6 3. Bb5 d6 4. Bxc6+ bxc6 5. Nge2 e5 6. d3 Nf6 7. f4 exf4 8.
Bxf4 Be7 9. Ng3 Bg4 10. Qd2 O-O 11. O-O h5 12. Bg5 d5 13. h3 Be6 14. Bxf6 Bxf6
15. Nxh5 Bd4+ 16. Kh1 Rb8 17. exd5 cxd5 18. Nd1 Qh4 19. Nf4 g5 20. c3 Be5 21.
Nxe6 fxe6 22. Ne3 Bf4 23. Qe2 d4 24. Ng4 e5 25. c4 Kg7 26. b3 Rbe8 27. Qe4 Re7
28. Rae1 Rh8 29. Kg1 Rf7 30. Nxe5 Rf6 31. Qb7+ Kg8 32. Qc8+ Kg7 33. Qd7+ Kg8
34. Ng4 1-0

[Event "Goldener Springer 2020"]
[Site "Frankfurt-Griesheim"]
[Date "2020.??.??"]
[Round "1"]
[White "Varma, Christopher"]
[Black "Baer, Christian"]
[Result "1-0"]
[WhiteElo "1889"]
[BlackElo "1500"]
[PlyCount "34"]
[EventDate "2020.??.??"]
[WhiteTeam "SV Oberursel"]
[BlackTeam "SC Steinbach"]

1. e4 e5 2. Nf3 Nc6 3. Nc3 g6 4. d4 exd4 5. Nxd4 Bg7 6. Be3 Nge7 7. Qd2 O-O 8.
O-O-O d6 9. h4 h6 10. Nxc6 Nxc6 11. Bxh6 Be6 12. h5 Bxh6 13. Qxh6 g5 14. f4
gxf4 15. Be2 Ne5 16. Rdf1 Qd7 17. Rxf4 f6 1-0

[Event "Goldener Springer 2020"]
[Site "Frankfurt-Griesheim"]
[Date "2020.??.??"]
[Round "1"]
[White "Olesiak, Marcin"]
[Black "Kaehm, Kevin"]
[Result "1-0"]
[WhiteElo "2036"]
[BlackElo "1608"]
[PlyCount "99"]
[EventDate "2020.??.??"]
[WhiteTeam "SV Oberursel"]
[BlackTeam "SK Bischofsheim"]

1. e4 d6 2. Nc3 Nf6 3. f4 Bg4 4. Be2 Qd7 5. h3 Bxe2 6. Qxe2 Nc6 7. d3 Nd4 8.
Qf2 e5 9. Nf3 Nxf3+ 10. Qxf3 exf4 11. Bxf4 O-O-O 12. O-O d5 13. e5 d4 14. exf6
dxc3 15. bxc3 gxf6 16. Rab1 Qd5 17. Be3 Qxf3 18. Rxf3 Rd6 19. Bd4 Be7 20. Bc5
Rd7 21. Bxe7 Rxe7 22. Rxf6 Re2 23. Rf2 Rhe8 24. Kf1 R2e7 25. g4 b6 26. Kg2 Kd7
27. Rbf1 Re2 28. Rxe2 Rxe2+ 29. Rf2 Re7 30. h4 c5 31. c4 a5 32. a4 Ke8 33. Kf3
Kf8 34. Re2 Rd7 35. Kf4 Kg7 36. Kf5 Rd4 37. h5 h6 38. Re5 Rd6 39. Rd5 Rf6+ 40.
Ke4 Re6+ 41. Re5 Rd6 42. c3 Rf6 43. d4 cxd4 44. cxd4 Rf1 45. Kd5 Ra1 46. c5
bxc5 47. dxc5 Rxa4 48. c6 Ra1 49. c7 Rd1+ 50. Kc6 1-0

[Event "Goldener Springer 2020"]
[Site "Frankfurt-Griesheim"]
[Date "2020.??.??"]
[Round "1"]
[White "Henrich, David"]
[Black "Lange, Martin"]
[Result "1/2-1/2"]
[WhiteElo "2147"]
[BlackElo "1749"]
[PlyCount "47"]
[EventDate "2020.??.??"]
[WhiteTeam "SK Gernsheim"]
[BlackTeam "Sfr. Kelkheim"]

1. c4 Nf6 2. Nc3 d5 3. e3 e5 4. cxd5 Nxd5 5. Nf3 f6 6. Qb3 Nb6 7. d4 exd4 8.
Nxd4 a6 9. Ne6 Bxe6 10. Qxe6+ Be7 11. Be2 Qd6 12. Qb3 Nc6 13. a3 O-O-O 14. Qc2
Nd5 15. Nxd5 Qxd5 16. O-O Qc5 17. Qxc5 Bxc5 18. b4 Bb6 19. Ra2 a5 20. b5 Ne5
21. Rd2 Bc5 22. Rxd8+ Rxd8 23. Rd1 Rxd1+ 24. Bxd1 1/2-1/2

[Event "Goldener Springer 2020"]
[Site "Frankfurt-Griesheim"]
[Date "2020.??.??"]
[Round "1"]
[White "Voellinger, Florian"]
[Black "Pessotschinski, Eduard"]
[Result "1-0"]
[WhiteElo "1866"]
[BlackElo "1398"]
[PlyCount "47"]
[EventDate "2020.??.??"]
[WhiteTeam "SF Dettingen"]
[BlackTeam "TuS Makkabi"]

1. d4 Nf6 2. c4 d6 3. Nc3 g6 4. e4 Bg7 5. f4 O-O 6. Nf3 Bg4 7. Be2 Nbd7 8. O-O
Re8 9. e5 Nh5 10. Ng5 Bxe2 11. Qxe2 dxe5 12. fxe5 Rf8 13. g4 h6 14. Nf3 Nxe5
15. dxe5 Qd7 16. gxh5 Qg4+ 17. Kh1 Qxh5 18. Bf4 Qg4 19. Bg3 Rad8 20. Rad1 Qe6
21. Nd5 c6 22. Nf4 Qc8 23. e6 Bxb2 24. Qxb2 1-0

[Event "Goldener Springer 2020"]
[Site "Frankfurt-Griesheim"]
[Date "2020.??.??"]
[Round "2"]
[White "Pessotschinski, Eduard"]
[Black "Poetsch, Hagen"]
[Result "0-1"]
[WhiteElo "1398"]
[BlackElo "2524"]
[PlyCount "38"]
[EventDate "2020.??.??"]
[WhiteTeam "TuS Makkabi"]
[BlackTeam "SC Heusenstamm"]

1. e4 d5 2. exd5 Qxd5 3. Nc3 Qa5 4. Bc4 Nf6 5. Nf3 Bg4 6. d3 Nc6 7. Bg5 Bxf3 8.
Qxf3 Qxg5 9. Bb5 Qe5+ 10. Qe2 Qxe2+ 11. Nxe2 O-O-O 12. O-O e5 13. Bxc6 bxc6 14.
Ng3 Nd5 15. Rfe1 f6 16. Ne4 Be7 17. g3 f5 18. Nd2 Rhe8 19. c4 Nb6 0-1

[Event "Goldener Springer 2020"]
[Site "Frankfurt-Griesheim"]
[Date "2020.??.??"]
[Round "2"]
[White "Eckert, Michael"]
[Black "Henrich, David"]
[Result "0-1"]
[WhiteElo "1557"]
[BlackElo "2147"]
[PlyCount "118"]
[EventDate "2020.??.??"]
[WhiteTeam "SK Herborn"]
[BlackTeam "SK Gernsheim"]

1. c4 d6 2. Nc3 e5 3. Nf3 Nf6 4. e4 Be7 5. d4 Nbd7 6. g3 O-O 7. Bg2 c6 8. dxe5
dxe5 9. O-O Qc7 10. b3 Nc5 11. Qc2 a5 12. a3 Bg4 13. Bb2 Nfd7 14. Nd2 Ne6 15.
Bf3 Nd4 16. Qd1 Nxf3+ 17. Nxf3 Nc5 18. b4 axb4 19. axb4 Rxa1 20. Bxa1 Ne6 21.
Nb1 f6 22. c5 Ng5 23. Qb3+ Be6 24. Qe3 Nxf3+ 25. Qxf3 Rd8 26. Rd1 Rd7 27. Kg2
Qd8 28. Nc3 Rd2 29. Rxd2 Qxd2 30. Qe2 Qd7 31. Qd1 Bh3+ 32. Kh1 Qe6 33. Qe2 g6
34. f3 h5 35. Qa2 Kf7 36. Qxe6+ Bxe6 37. Kg2 Ke8 38. Kf2 Kd7 39. Ke3 Bb3 40.
Bb2 b6 41. Ba3 bxc5 42. bxc5 Ke6 43. f4 exf4+ 44. gxf4 Bf8 45. Ne2 Kd7 46. h4
Be6 47. Nd4 f5 48. Nxe6 Kxe6 49. Kd4 Be7 50. Bb4 Bxh4 51. Ke3 Bf6 52. Kf3 Bd4
53. Ba3 h4 54. Bb4 Bg1 55. Kg2 Be3 56. exf5+ Kxf5 57. Kf3 Bxf4 58. Be1 g5 59.
Kg2 Be3 0-1

[Event "Goldener Springer 2020"]
[Site "Frankfurt-Griesheim"]
[Date "2020.??.??"]
[Round "2"]
[White "Stock, Juergen"]
[Black "Emig, Nils"]
[Result "0-1"]
[WhiteElo "1862"]
[BlackElo "1823"]
[PlyCount "134"]
[EventDate "2020.??.??"]
[WhiteTeam "Sfr. Kelkheim"]
[BlackTeam "SK Marburg"]

1. d4 Nf6 2. c3 g6 3. Bg5 Bg7 4. Nd2 d6 5. e3 Nbd7 6. f4 O-O 7. Bc4 e5 8. fxe5
dxe5 9. Ne2 exd4 10. cxd4 h6 11. Bxf6 Nxf6 12. O-O Qd6 13. Ng3 Be6 14. Nde4
Nxe4 15. Nxe4 Qc6 16. Bxe6 Qxe6 17. Qd3 b6 18. b3 f5 19. Nd2 Qd5 20. Nf3 c5 21.
Rad1 Rad8 22. Nh4 Rd6 23. Kh1 cxd4 24. Nf3 Rfd8 25. exd4 Bxd4 26. Qa6 Qf7 27.
Nxd4 Rxd4 28. Rxd4 Rxd4 29. Qc8+ Kh7 30. h3 Qd7 31. Qxd7+ Rxd7 32. Rf2 Kg7 33.
Kh2 Kf6 34. g4 Rd5 35. Kg3 Rd3+ 36. Kg2 Kg5 37. gxf5 gxf5 38. Rc2 Re3 39. Rd2
Kf4 40. Rd4+ Re4 41. Rd2 h5 42. Kf2 h4 43. Rd7 a5 44. Rd6 Rb4 45. Rd3 a4 46.
Rf3+ Ke5 47. Rc3 axb3 48. axb3 Rd4 49. Kf3 Rd2 50. Re3+ Kd4 51. Re6 Rd3+ 52.
Kf4 Rxb3 53. Kxf5 Kc5 54. Re5+ Kd6 55. Re6+ Kd7 56. Rh6 Rb4 57. Ke5 Kc7 58. Kd5
Kb7 59. Rh7+ Ka6 60. Rh8 Kb5 61. Rh5 Ka4 62. Kc6 b5 63. Kb6 Rf4 64. Kc5 b4 65.
Kd5 b3 66. Rh8 b2 67. Ra8+ Kb3 0-1

[Event "Goldener Springer 2020"]
[Site "Frankfurt-Griesheim"]
[Date "2020.??.??"]
[Round "2"]
[White "Reitz, Gerhard"]
[Black "Gries, Volker"]
[Result "0-1"]
[WhiteElo "1990"]
[BlackElo "2079"]
[PlyCount "84"]
[EventDate "2020.??.??"]
[WhiteTeam "SC Obertshausen"]
[BlackTeam "SV Oberursel"]

1. e4 e5 2. Nf3 Nf6 3. Nc3 Bb4 4. d3 Nc6 5. g3 d5 6. exd5 Nxd5 7. Bd2 O-O 8.
Bg2 Re8 9. O-O Nf6 10. Re1 h6 11. Ne4 Nxe4 12. Rxe4 Bxd2 13. Nxd2 Bf5 14. Rc4
Bd7 15. Nb3 Rb8 16. a4 Ne7 17. Qh5 Nf5 18. Nc5 g6 19. Qh3 Bc8 20. g4 Nd6 21.
Rb4 a5 22. Rb3 h5 23. Qe3 hxg4 24. Ne4 Nf5 25. Qd2 Nd4 26. Rc3 c6 27. Re1 Kg7
28. Ng3 Qh4 29. Re3 Rh8 30. Rc5 Qxh2+ 31. Kf1 f6 32. Rxa5 Nf5 33. Nxf5+ gxf5
34. Qb4 Be6 35. Qe7+ Bf7 36. Ra7 f4 37. Re4 Qh5 38. Ke1 Qg5 39. Bf1 Rh1 40.
Rxb7 Rxb7 41. Qxb7 f3 42. Re3 g3 0-1

[Event "Goldener Springer 2020"]
[Site "Frankfurt-Griesheim"]
[Date "2020.??.??"]
[Round "2"]
[White "Kuban, Guenther"]
[Black "Weiland, Thomas"]
[Result "1-0"]
[WhiteElo "2105"]
[BlackElo "1790"]
[PlyCount "37"]
[EventDate "2020.??.??"]
[WhiteTeam "SV Oberursel"]
[BlackTeam "SV Oberursel"]

1. c4 c5 2. Nc3 Nc6 3. g3 g6 4. Bg2 Bg7 5. e3 e5 6. Nge2 Nf6 7. O-O O-O 8. d4
cxd4 9. exd4 d6 10. h3 Bd7 11. Nb5 Ne8 12. dxe5 dxe5 13. Be3 b6 14. Qd2 Qe7 15.
Rfd1 Nf6 16. Bg5 Rfd8 17. Qd6 Qxd6 18. Rxd6 Ne8 19. Rxd7 1-0

[Event "Goldener Springer 2020"]
[Site "Frankfurt-Griesheim"]
[Date "2020.??.??"]
[Round "2"]
[White "Schellen, Sven"]
[Black "Meyer, Marcel"]
[Result "1-0"]
[WhiteElo "1826"]
[BlackElo "1729"]
[PlyCount "59"]
[EventDate "2020.??.??"]
[WhiteTeam "SV Frankfurt Nord"]
[BlackTeam "SC Herborn"]

1. d4 d5 2. c4 c6 3. Nf3 Nf6 4. g3 Bf5 5. Nc3 e6 6. Bg2 h6 7. O-O Nbd7 8. Nd2
Be7 9. e4 dxe4 10. Ndxe4 Nxe4 11. Nxe4 Nf6 12. Nc3 O-O 13. Be3 Qc7 14. Rc1 Rad8
15. Re1 Rfe8 16. Qb3 Qb8 17. d5 exd5 18. cxd5 cxd5 19. Nxd5 Be6 20. Nxe7+ Rxe7
21. Qa3 Red7 22. b3 b6 23. Bf4 Rd6 24. Bxd6 Rxd6 25. Qa6 Rd8 26. Red1 Rxd1+ 27.
Rxd1 Nd7 28. Qb7 Qxb7 29. Bxb7 Nc5 30. Bc8 1-0

[Event "Goldener Springer 2020"]
[Site "Frankfurt-Griesheim"]
[Date "2020.??.??"]
[Round "2"]
[White "Krychevskiy, Dmytro"]
[Black "Klundt, Klaus"]
[Result "0-1"]
[WhiteElo "1904"]
[BlackElo "2293"]
[PlyCount "58"]
[EventDate "2020.??.??"]
[WhiteTeam "SV Oberursel"]
[BlackTeam "SC Heusenstamm"]

1. e4 c5 2. Nf3 e6 3. d4 cxd4 4. Nxd4 Nc6 5. Nc3 Qc7 6. Be3 a6 7. Qd2 Nf6 8. f3
Be7 9. O-O-O O-O 10. Kb1 b5 11. g4 d6 12. Nxc6 Qxc6 13. h4 Bb7 14. Ne2 Rac8 15.
Nd4 Qc7 16. h5 Nd7 17. g5 Nc5 18. Bh3 d5 19. g6 Bf6 20. Rdg1 dxe4 21. Bh6 Qe5
22. gxh7+ Kh8 23. Be3 exf3 24. h6 g6 25. Re1 Rfd8 26. c3 b4 27. Bf4 Qd5 28. Qh2
bxc3 29. Nc2 Nd3 0-1

[Event "Goldener Springer 2020"]
[Site "Frankfurt-Griesheim"]
[Date "2020.??.??"]
[Round "2"]
[White "Zilch, Lothar"]
[Black "Oezdemir, Ali Oezden"]
[Result "0-1"]
[WhiteElo "1871"]
[BlackElo "2016"]
[PlyCount "98"]
[EventDate "2020.??.??"]
[WhiteTeam "SV Alsfeld"]
[BlackTeam "SK Langen"]

1. Nf3 g6 2. d4 Nf6 3. Bf4 Bg7 4. c3 O-O 5. e3 d6 6. h3 Nbd7 7. Nbd2 Re8 8. e4
e5 9. dxe5 Nxe5 10. Nxe5 dxe5 11. Bg5 h6 12. Be3 Be6 13. Be2 c6 14. O-O Qc7 15.
Qc2 Rad8 16. Rfd1 Nh7 17. g4 Nf8 18. Bc4 b6 19. Bxe6 Nxe6 20. Nc4 Nf4 21. Bxf4
exf4 22. f3 Qe7 23. Kg2 Qc5 24. Nd2 Bf6 25. Nb3 Qc4 26. Rxd8 Bxd8 27. Rd1 Bh4
28. Qd3 Qa4 29. Qb1 h5 30. Rd2 hxg4 31. hxg4 Kg7 32. Nc1 Be1 33. Rd4 Qb5 34.
Nd3 Bxc3 35. a4 Qb3 36. Nc1 Qxb2+ 37. Qxb2 Bxb2 38. Rc4 Bxc1 39. Rxc1 c5 40. a5
Rc8 41. axb6 axb6 42. Rb1 Rc6 43. Kf2 c4 44. Ke2 c3 45. Kd3 c2 46. Rc1 Kf6 47.
Kd4 Ke6 48. g5 b5 49. Kd3 Ke5 0-1

[Event "Goldener Springer 2020"]
[Site "Frankfurt-Griesheim"]
[Date "2020.??.??"]
[Round "2"]
[White "Hebauf, Markus"]
[Black "Westhof, Benedikt"]
[Result "1-0"]
[WhiteElo "1524"]
[BlackElo "1795"]
[PlyCount "65"]
[EventDate "2020.??.??"]
[WhiteTeam "Sfr. Kelkheim"]
[BlackTeam "SC Heusenstamm"]

1. e4 e5 2. Nf3 Nf6 3. Nc3 Bb4 4. Bc4 d6 5. d3 Bg4 6. O-O Nc6 7. a3 Ba5 8. Bg5
Nd4 9. b4 Bb6 10. Nd5 Nxf3+ 11. gxf3 Bh3 12. Re1 h6 13. Bxf6 gxf6 14. f4 Rg8+
15. Kh1 Bxf2 16. Ne3 Bxe3 17. Bxf7+ Ke7 18. Bxg8 Qxg8 19. Qf3 Bd4 20. Qxh3 Bxa1
21. Rxa1 Qh7 22. Rg1 Rf8 23. f5 h5 24. Rg6 Rh8 25. Qg3 Kf7 26. Qh4 Ke8 27. Qxf6
Rf8 28. Qg5 Rf7 29. Rg8+ Kd7 30. b5 Re7 31. f6 Rf7 32. Rg7 Rxg7 33. Qxg7+ 1-0